Plásticos de artesanía / (Record no. 92964)

MARC details
000 -LEADER
campo de control de longitud fija 00957nam a2200229 i 4500
001 - NÚMERO DE CONTROL
campo de control 92964
003 - IDENTIFICADOR DE NÚMERO DE CONTROL
campo de control ES-MaACL
005 - FECHA Y HORA DE LA ÚLTIMA TRANSACCIÓN
campo de control 20250812082830.0
007 - CAMPO FIJO DE DESCRIPCIÓN FÍSICA--INFORMACIÓN GENERAL
campo de control de longitud fija t|
008 - DATOS DE LONGITUD FIJA--INFORMACIÓN GENERAL
campo de control de longitud fija 050406s1952 sp ||||1| spa d
100 1# - ENTRADA PRINCIPAL--NOMBRE DE PERSONA
Nombre de persona Lockrey, A. J.
9 (RLIN) 73054
245 10 - MENCIÓN DEL TÍTULO
Título Plásticos de artesanía /
Mención de responsabilidad, etc. A. J. Lockrey; versión de la tercera edición en lengua inglesa por Luis Graupera.
260 ## - PUBLICACIÓN, DISTRIBUCIÓN, ETC.
Lugar de publicación, distribución, etc. Barcelona :
Nombre del editor, distribuidor, etc. Gustavo Gili,
Fecha de publicación, distribución, etc. 1952.
300 ## - DESCRIPCIÓN FÍSICA
Extensión 239 p. :
Otras características físicas 1 lám. col., il. ;
Dimensiones 26 cm.
650 #7 - PUNTO DE ACCESO ADICIONAL DE MATERIA--TÉRMINO DE MATERIA
Término de materia o nombre geográfico como elemento de entrada Artesanía
Fuente del encabezamiento o término embne
9 (RLIN) 10344
700 1# - ENTRADA AGREGADA--NOMBRE PERSONAL
Nombre de persona Graupera, Luis.
9 (RLIN) 59766
852 ## - LOCALIZACIÓN
Ubicación ES-MaACL
Número de control de estantería D-6409
Sublocalización o colección R.32032
-- R.M.6004
itemnumber 96360
Ubicación en estantería Sala Valle Inclán
Marcas de propiedad Sello en tinta azul de la Biblioteca del Ateneo de Madrid
Anotaciones manuscritas Anotación manuscrita en cubierta: "24"
Nota libre En cubierta: "16.OCT.1952"
942 ## - ELEMENTOS DE ENTRADA SECUNDARIOS (KOHA)
Fuente del sistema de clasificación o colocación Clasificación decimal universal
Tipo de ítem Koha Libro impreso
Holdings
Estatus retirado Estado de pérdida Estado de daño No para préstamo Biblioteca de origen Biblioteca actual Ubicación en estantería Fecha de adquisición Fuente de adquisición Total de préstamos Signatura topográfica completa Código de barras Visto por última vez Precio de reemplazo Tipo de ítem Koha
        Biblioteca del Ateneo de Madrid Biblioteca del Ateneo de Madrid Sala Valle Inclán 17/01/2008     D-6409 901097047 23/02/2023 23/02/2023 Libro impreso